| 000 | 00656nam a22002057a 4500 | ||
|---|---|---|---|
| 999 |
_c3639 _d3639 |
||
| 003 | AR-CdUCM | ||
| 008 | 190307b ||||| |||| 00| 0 spa d | ||
| 040 |
_aMUNICIPALIDAD PROVINCIAL DEL CUSCO _cBIBLIOTECA MUNICIPAL DEL CUSCO |
||
| 082 |
_a869.4 / _bT16 |
||
| 100 |
_aTalarico, Gigia _911866 |
||
| 245 | _aLos Tres Deseos / | ||
| 260 |
_aLa Paz-Bolivia : _bTalleres Gráficos Mundy Color ; _c1993. |
||
| 300 |
_a36 páginas ; _bilustraciones, _c17cm |
||
| 505 | _aContenido: Novela | ||
| 650 |
_aLiteratura boliviana _94271 |
||
| 650 |
_aBolivia _91138 |
||
| 710 |
_aAlcaldía Municipal La Paz - Bolivia _97530 |
||
| 942 |
_2ddc _cLIBROS |
||
| 945 | _anom | ||